000 00323nam a2200109Ia 4500
008 230907s9999||||xx |||||||||||||| ||und||
082 _a363.738746
_bROO
100 _aRoosa, Stephen
_9118019
245 _acarbon reduction: policies, strategies and technologies /
_cStephen Roosa.
260 _c2019-09-27
942 _2ddc
_cEB
999 _c599616
_d599616